Loading...
| Ancient History and Archaeology | 3 | 16.67 | 133% | 67% | 200% |
| Beliefs | 13 | 16.15 | 185% | 108% | 123% |
| British and Commonwealth History | 5 | 20.00 | 320% | 200% | 40% |
| Current Events | 4 | 25.00 | 300% | 200% | 150% |
| Fine Arts - Auditory | 5 | 22.00 | 320% | 120% | 160% |
| Fine Arts - Visual | 9 | 18.89 | 178% | 156% | 133% |
| Geography | 2 | 20.00 | 200% | 200% | 100% |
| History - American | 8 | 17.50 | 350% | 125% | 50% |
| History - European | 8 | 12.50 | 150% | 100% | 75% |
| History - World | 3 | 13.33 | 133% | 133% | 67% |
| Literature - American | 4 | 20.00 | 200% | 150% | 150% |
| Literature - British | 9 | 16.67 | 178% | 111% | 133% |
| Literature - European | 9 | 20.00 | 178% | 133% | 178% |
| Other Academic | 2 | 15.00 | 0% | 100% | 200% |
| Other Arts: Auditory | 4 | 20.00 | 300% | 200% | 50% |
| Other Arts: Visual | 4 | 15.00 | 200% | 100% | 100% |
| Other Science: Astronomy | 1 | 20.00 | 400% | 200% | 0% |
| Other Science: Computer Science | 2 | 25.00 | 400% | 200% | 100% |
| Other Science: Earth Science | 2 | 15.00 | 200% | 200% | 0% |
| Other Science: Math | 2 | 15.00 | 0% | 200% | 100% |
| Philosophy | 6 | 20.00 | 267% | 133% | 133% |
| Science - Biology | 3 | 13.33 | 267% | 67% | 67% |
| Science - Chemistry | 7 | 20.00 | 229% | 143% | 143% |
| Science - Physics | 5 | 18.00 | 240% | 80% | 160% |
| Social Science | 8 | 17.50 | 200% | 125% | 125% |
| World and Other Literature | 8 | 18.75 | 250% | 100% | 150% |